000 01445cam a2200409 i 4500
999 _c200429674
_d47598
001 200429674
003 TR-AnTOB
005 20240926134502.0
007 ta
008 170826s2016 tu b 000 0 tur
010 _a 2017348653
020 _a9786054023820
040 _aPUL
_beng
_erda
_cPUL
_dOCLCO
_dOCLCF
_dDLC
_dTR-AnTOB
041 0 _atur
050 0 0 _aDS98.6
_b.K87 2016
090 _aDS98.6
_b.K87 2016
245 0 0 _aKüresel ve bölgesel aktörlerin Suriye stratejileri /
_ceditörler Hasan Basri Yalçın, Burhanettin Duran.
250 _a2. Baskı
_bAralık 2017, İstanbul
264 1 _aAnkara :
_bSETA Kitapları,
_c2016.
300 _a279 pages ;
_c23 cm.
336 _atext
_btxt
_2rdacontent
337 _aunmediated
_bn
_2rdamedia
338 _avolume
_bnc
_2rdacarrier
490 0 _aSETA Kitapları ;
_v11
_aStratejik araştırmalar serisi ;
_v1
504 _aIncludes bibliographical references.
600 0 _aAssad, Bashar,
_d1965-
_929876
650 0 _9120005
_aHumanitarian intervention
650 0 _aİnsani müdahale
_9120004
651 0 _aSyria
_xPolitics and government
_929414
651 0 _aSuriye
_xSiyaset ve yönetim
_929415
651 7 _aSuriye
_xTarih
_yİç Savaş 2011-
_2etuturkob
_9120007
651 0 _aSyria
_xHistory
_yCivil War, 2011-
_9120006
700 1 _aDuran, Burhanettin
_eeditor
_992453
700 1 _aYalçın, Hasan Basri
_eeditor
_9120003
942 _2lcc
_cBK